151 ý tưởng khởi nghiệp thành công

Nội dung quyển sách sẽ cung cấp cho những người đang chuẩn bị khởi nghiệp hay đang trong quá trình khởi nghiệp những công cụ vô cùng cần thiết và hữu ích, đó là làm thế nào đẻ hoạch định được các chính sách hợp lý nhằm tăng trưởng lợi...

Volledige beschrijving

Bewaard in:
Bibliografische gegevens
Hoofdauteur: Silvester, James L.
Andere auteurs: Lê Thu Phương (Dịch)
Formaat: Boek
Taal:Vietnamese
Gepubliceerd in: H. Phụ nữ 2019
Onderwerpen:
Tags: Voeg label toe
Geen labels, Wees de eerste die dit record labelt!
Thư viện lưu trữ: Thư viện Trường Đại học Nam Cần Thơ
LEADER 01795nam a22002537a 4500
001 NCT_4_009781
008 240617b xxu||||| |||| 00| 0 vie d
999 |c 8432  |d 8432 
020 |a 9786045663585  |c 119000 
082 0 4 |2 23rd ed.  |a 658.11  |b S587 
100 1 |a Silvester, James L. 
245 1 0 |a 151 ý tưởng khởi nghiệp thành công  |c James L. Silvester ; Lê Thu Phương (dịch) 
260 |a H.  |b Phụ nữ  |c 2019 
300 |a 331 tr.  |c 21cm 
520 3 |a Nội dung quyển sách sẽ cung cấp cho những người đang chuẩn bị khởi nghiệp hay đang trong quá trình khởi nghiệp những công cụ vô cùng cần thiết và hữu ích, đó là làm thế nào đẻ hoạch định được các chính sách hợp lý nhằm tăng trưởng lợi nhuận... 
653 |a Quản trị kinh doanh 
700 1 |a Lê Thu Phương  |e Dịch 
942 |2 ddc  |c BK 
952 |0 0  |1 0  |2 ddc  |4 0  |6 658_110000000000000_S587  |7 0  |9 29096  |a 000001  |b 000001  |d 2024-06-17  |o 658.11 S587  |p MD.22479  |r 2024-06-17  |v 119000.00  |w 2024-06-17  |y BK 
952 |0 0  |1 0  |2 ddc  |4 0  |6 658_110000000000000_S587  |7 0  |9 29097  |a 000001  |b 000001  |d 2024-06-17  |o 658.11 S587  |p MD.22480  |r 2024-06-17  |v 119000.00  |w 2024-06-17  |y BK 
952 |0 0  |1 0  |2 ddc  |4 0  |6 658_110000000000000_S587  |7 0  |9 29098  |a 000001  |b 000001  |d 2024-06-17  |o 658.11 S587  |p MD.22481  |r 2024-06-17  |v 119000.00  |w 2024-06-17  |y BK 
952 |0 0  |1 0  |2 ddc  |4 0  |6 658_110000000000000_S587  |7 0  |9 29099  |a 000001  |b 000001  |d 2024-06-17  |o 658.11 S587  |p MD.22482  |r 2024-06-17  |v 119000.00  |w 2024-06-17  |y BK 
952 |0 0  |1 0  |2 ddc  |4 0  |6 658_110000000000000_S587  |7 0  |9 29100  |a 000001  |b 000001  |d 2024-06-17  |o 658.11 S587  |p MD.22483  |r 2024-06-17  |v 119000.00  |w 2024-06-17  |y BK 
980 |a Thư viện Trường Đại học Nam Cần Thơ